Encyclopaedia of Indian temple architecture / (Record no. 136317)
[ view plain ]
| 000 -LEADER | |
|---|---|
| fixed length control field | 00703nam a22002057a 4500 |
| 010 ## - LIBRARY OF CONGRESS CONTROL NUMBER | |
| LC control number | A-216299 |
| 035 ## - SYSTEM CONTROL NUMBER | |
| System control number | A-216299 |
| 037 ## - SOURCE OF ACQUISITION | |
| Source of stock number/acquisition | Cen Lib / Ret |
| 040 ## - CATALOGING SOURCE | |
| Original cataloging agency | DPL |
| Language of cataloging | EN |
| 082 ## - DEWEY DECIMAL CLASSIFICATION NUMBER | |
| Classification number | 726.1 |
| Item number | MEI |
| 245 ## - TITLE STATEMENT | |
| Title | Encyclopaedia of Indian temple architecture / |
| Statement of responsibility, etc | edited by Michael W. Meister |
| 260 ## - PUBLICATION, DISTRIBUTION, ETC. (IMPRINT) | |
| Place of publication, distribution, etc | Delhi |
| Name of publisher, distributor, etc | American Institute of Indian Studies |
| Date of publication, distribution, etc | 1983 |
| 270 ## - ADDRESS | |
| Address | American Institute of Indian Studies |
| City | Delhi |
| 300 ## - PHYSICAL DESCRIPTION | |
| Extent | 303p. |
| Dimensions | 32cm(Hb) |
| 505 ## - FORMATTED CONTENTS NOTE | |
| Formatted contents note | v 1 Pt. 1 South India Lower Dravidasesa 200 BC-AD 1324 |
| 650 ## - SUBJECT ADDED ENTRY--TOPICAL TERM | |
| Topical term or geographic name as entry element | Temples -- India. |
| 9 (RLIN) | 24757 |
| 650 ## - SUBJECT ADDED ENTRY--TOPICAL TERM | |
| Topical term or geographic name as entry element | Architecture -- Details. |
| 9 (RLIN) | 142114 |
| 700 ## - ADDED ENTRY--PERSONAL NAME | |
| Personal name | Meister, Michael W. |
| 9 (RLIN) | 142115 |
| 942 ## - ADDED ENTRY ELEMENTS (KOHA) | |
| Source of classification or shelving scheme | Dewey Decimal Classification |
| Koha item type | English Books |
| Classification part | 726.1 |
| Call number suffix | MEI |
| Withdrawn status | Lost status | Materials specified (bound volume or other part) | Damaged status | Not for loan | Home library | Current library | Date acquired | Source of acquisition | Total Checkouts | Full call number | Barcode | Date last seen | Copy number | Price effective from | Koha item type |
|---|---|---|---|---|---|---|---|---|---|---|---|---|---|---|---|
| v 1 Pt 1 | Central Library | Central Library | 23/03/2016 | Cen Lib/Ret | 726.1 MEI | A-216299 | 23/03/2016 | 1 | 23/03/2016 | English Books |
